000
00284 a2200121 4500
000
nam a22 7a 4500
100
_a
Jo Riley
110
_a
Jo Riley
245
_a
Chinese Theatre and the Actor in Performance vol 3
260
_b
cambridge
264
_b
cambridge
942
_c
BK
999
_c
396449
_d
396449